UK History Picture Quiz - XYZ - Statistics

General Stats
  • This quiz has been taken 214 times
  • The average score is 9 of 15
Answer Stats
Picture Hint Answer % Correct
Woman said by some to have split up The Beatles Yoko Ono
97%
Fictional character created by David Bowie {Ziggy} Stardust
90%
Northern city known as Eboracum to the Romans York
86%
Musical instrument played by late TV presenter and astronomer, Patrick Moore Xylophone
74%
Established in 1924, what is raced in the Fastnet Race Yachts
71%
Crimean city where Churchill met Roosevelt and Stalin near the end of WW2 Yalta
71%
ONJ and ELO sang about this place in 1980 Xanadu
70%
Military Corps that have been bodyguards of the monarch since 1485 {Yeomen} of the Guard
69%
Element discovered by Scottish chemist William Ramsay in 1898 Xenon
64%
South African athlete that competed for Great Britain in the 1984 Summer Olympics Zola Budd
55%
Britain's war with this island was the world's shortest (38 minutes) Zanzibar
51%
Executive car built by Ford from 1950 to 1972 Zephyr / Zodiac
34%
Punk band formed in 1972 that "made plans for Nigel" XTC
28%
Series of conflicts in South Africa between 1779 and 1879 {Xhosa} Wars
27%
Former name of Shetland Islands Zetland
13%
No matching quizzes found
Score Distribution
Percent of People with Each Score
Percentile by Number Answered
Your Score History
You have not taken this quiz